| 000 | 01352cam a22003494a 4500 | ||
|---|---|---|---|
| 999 |
_c41824 _d41824 |
||
| 001 | 12860313 | ||
| 003 | OSt | ||
| 005 | 20221115105000.0 | ||
| 008 | 020718s2003 nyua 001 0 eng | ||
| 010 | _a 2002110311 | ||
| 020 | _a9780764549359 | ||
| 020 | _a0764549359 | ||
| 035 | _a(DLC) 2002110311 | ||
| 040 |
_aDLC _cDLC _dDLC |
||
| 042 | _apcc | ||
| 050 | 0 | 0 |
_aQA76.9.C55 _bN54 2003 |
| 082 | 0 | 0 |
_a005.7585 _221 _bNIE/M |
| 100 | 1 |
_aNielsen, Paul, _d1959- _99310 |
|
| 245 | 1 | 0 |
_aMicrosoft SQL Server 2000 bible / _cPaul Nielsen. |
| 260 |
_aNew York, NY : _bWiley Pub., _cc2003. |
||
| 300 |
_axxxvii, 890 p. : _bill. ; _c24 cm. + _e1 CD-ROM (4 3/4 in.) |
||
| 500 | _aIncludes index. | ||
| 630 | 0 | 0 | _aSQL server. |
| 650 | 0 | _aClient/server computing. | |
| 650 | 0 | _aRelational databases. | |
| 856 | 4 | 2 |
_3Contributor biographical information _uhttp://www.loc.gov/catdir/bios/wiley044/2002110311.html |
| 856 | 4 | 2 |
_3Publisher description _uhttp://www.loc.gov/catdir/description/wiley038/2002110311.html |
| 856 | 4 | 1 |
_3Table of contents _uhttp://www.loc.gov/catdir/toc/wiley031/2002110311.html |
| 906 |
_a7 _bcbc _corignew _d2 _eepcn _f20 _gy-gencatlg |
||
| 942 |
_2ddc _cBK _h005.7585 _iNIE/M _k005.7585 _mNIE/M |
||